| 000 -LEADER |
| fixed length control field |
01139pab a2200145 454500 |
| 008 - FIXED-LENGTH DATA ELEMENTS--GENERAL INFORMATION |
| fixed length control field |
180718b xxu||||| |||| 00| 0 eng d |
| 100 ## - MAIN ENTRY--PERSONAL NAME |
| Personal name |
Taylor, Harry |
| 245 ## - TITLE STATEMENT |
| Title |
Public sector personnel management in three African countries: current poroblems and possibilities |
| 520 ## - SUMMARY, ETC. |
| Summary, etc. |
Public Administration as an aspect of government activity has existed as long as political systems have been functioning. At present, the stage of man's evolution, public administration is indespensable. No civilisation hope to function, without it. Urban society would be unhearable, law and order meaningless, development impracticable, world trade impassible and exalitarianism unattainable. The well-being of the community is increasingly becoming dependent on efficient governmental management, i.e. public administration. According to Prof. W.B. Donham "If our civilisation fails, it will be mainly because of a breakdown of administration. Hence, the author says that Public Administration embraces many ar |
| 650 ## - SUBJECT ADDED ENTRY--TOPICAL TERM |
| Topical term or geographic name entry element |
Management |
| 650 ## - SUBJECT ADDED ENTRY--TOPICAL TERM |
| Topical term or geographic name entry element |
Civil Service |
| 650 ## - SUBJECT ADDED ENTRY--TOPICAL TERM |
| Topical term or geographic name entry element |
Personnel |
| 773 ## - HOST ITEM ENTRY |
| Main entry heading |
Public Administration and Development |
| 909 ## - |
| -- |
21946 |